MARC

LEADER 00000ngm^a2200000^a^4500
001 000395171
005 20250521000000.0
009 20260310121355.801
037 |a Acervo ITESO - Biblioteca 
041 |a ESP 
082 |a 808. 899282  |b SAF 
100 |a Safa, Anwar  |e (realización) 
240 1 1 |a [El Jeremías] 
245 1 0 |a El Jeremías /  |c Realización de A. Safa. 
264 4 |a México :  |b Fondo de Inversión y Estímulos al Cine,  |c 2015, c2015 
264 2 |a México :  |b Sony Pictures [distribución],  |c 2017, c2017 
300 |a 1 DVD regiones 1 y 4 (97 min.) :  |b color 
336 |a imagen móvil bidimensional  |b tdi  |2 rdacontenido 
337 |a video  |b v  |2 rdamedio 
338 |a videodisco  |b vd  |2 rdasoporte 
546 |a En español, con subtítulos opcionales: español, inglés 
586 |a Premio Platino, del Cine Iberoamericano (4°: 2017): Premio al Cine y Educación en Valores (finalista) 
586 |a Premio Ariel, de la Academia Mexicana de Cine (58°: 2016): Mejor Opera Prima (finalista) 
586 |a Premio Ariel, de la Academia Mexicana de Cine (58°: 2016): Mejor Dirección (finalista: Anwar Safa) 
649 |a XX 
650 |a Alumnos Talentosos en el Cine 
650 |a Genios en el Cine 
650 |a Genios -  |x Condiciones Psicológicas -  |x Tema Principal 
650 |a Niños en el Cine 
650 |a Niños -  |x Condiciones Psicológicas 
650 |a Películas Infantiles 
650 |a Melodramas 
650 |a Comedias Cinematográficas 
650 |a Opera Prima 
650 |a Cine Mexicano -  |y 2010-2019 
650 |a Cine Mexicano -  |y Siglo XXI 
650 |a Superdotación -  |x Aspectos Sociales y Culturales -  |x Tema Principal 
650 |a Inteligencia 
650 |a Desarrollo Cognoscitivo 
650 |a Desarrollo Emocional -  |x Tema Principal 
650 |a Educación Sentimental -  |x Tema Principal 
650 |a Diferencia y Otredad 
650 |a Proyecto de Vida 
650 |a Sonora en el Cine 
650 |a Sonora -  |x Condiciones Sociales y Culturales 
650 |a México (Región Noroeste) en el Cine 
650 |a México (Región Norte) en el Cine 
700 |a Clerici, Ana Sofía  |e (guión) 
700 |a Bellver, Marc  |e (fotógrafo) 
700 |a Murguía, Rossana A.  |e (vestuario) 
700 |a Rivera, Francisco X.  |e (montaje) 
700 |a Froideval, Camilo  |e (música) 
700 |a Castro, Martín  |e (actuación) 
700 |a Momo Ruiz, Karem  |e (actuación) 
700 |a Galindo, Paulo  |e (actuación) 
910 |a Fondo General 
920 |a Audiovisuales - DVDs 
940 |a Películas 
905 |a 308 
901 |a 0500289833  |b IT2  |c DVR  |i C155133  |u 20250521 
902 |a https://opac.biblio.iteso.mx/vufind/Record/000395171